Digital library resources
Gorde:
| Egile nagusia: | |
|---|---|
| Formatua: | Liburua |
| Hizkuntza: | Undetermined |
| Argitaratua: |
Darya Ganj, New Delhi
Ess Ess Publications
2005
|
| Gaiak: | |
| Etiketak: |
Etiketa erantsi
Etiketarik gabe, Izan zaitez lehena erregistro honi etiketa jartzen!
|
| Thư viện lưu trữ: | Trung tâm Học liệu Trường Đại học Cần Thơ |
|---|
| LEADER | 00591nam a2200205Ia 4500 | ||
|---|---|---|---|
| 001 | CTU_124809 | ||
| 008 | 210402s9999 xx 000 0 und d | ||
| 020 | |c 42.00 | ||
| 082 | |a 025.00285 | ||
| 082 | |b M685 | ||
| 100 | |a Mittal, Savita | ||
| 245 | 0 | |a Digital library resources | |
| 245 | 0 | |c Savita Mittal | |
| 260 | |a Darya Ganj, New Delhi | ||
| 260 | |b Ess Ess Publications | ||
| 260 | |c 2005 | ||
| 650 | |a Integrated library systems (Computer systems),Digital libraries,Libraries | ||
| 650 | |x Automation | ||
| 904 | |i Minh | ||
| 980 | |a Trung tâm Học liệu Trường Đại học Cần Thơ | ||